header

Polycentric monarchies (Record no. 32817)

MARC details
000 -LEADER
fixed length control field 01491nam a2200349Ia 4500
082 04 - DEWEY DECIMAL CLASSIFICATION NUMBER
Classification number 325/.346009031
245 00 - TITLE STATEMENT
Title Polycentric monarchies
260 ## - PUBLICATION, DISTRIBUTION, ETC. (IMPRINT)
Place of publication Brighton ;
-- Portland, Or. :
Name of publisher Sussex Academic Press,
Year of publication 2012.
300 ## - PHYSICAL DESCRIPTION
Number of Pages vi, 241 p.
650 #0 - SUBJECT ADDED ENTRY--TOPICAL TERM
Topical Term Imperialism
Topical Term Imperialism
700 1# - ADDED ENTRY--PERSONAL NAME
Personal name Cardim, Pedro.
856 40 - ELECTRONIC LOCATION AND ACCESS
Uniform Resource Identifier http://site.ebrary.com/lib/rucke/Doc?id=10745643

No items available.

© 2026 Rongo University
Contact us: librarian | system librarian | Rongo university